[Event "Runavik op"]
[Site "Runavik"]
[Date "2018.11.14"]
[Round "3"]
[White "Pinheiro Diamant, Jonatan"]
[Black "Nielsen, Rogvi Egilstoft"]
[Result "0-1"]
[WhiteElo "1789"]
[BlackElo "2339"]
[PlyCount "114"]
[EventDate "2018.11.12"]
[EventType "swiss"]
[EventRounds "9"]
[EventCountry "FAI"]
[SourceTitle "CBM 187 Extra"]
[Source "ChessBase"]
[SourceDate "2018.11.04"]
[SourceVersion "1"]
[SourceVersionDate "2018.11.04"]
[SourceQuality "1"]

1. e4 e5 2. Nf3 Nc6 3. Bb5 a6 4. Ba4 Bc5 5. 0-0 b5 6. Bb3 d6 7. c3 Ba7 8. h3 h6 9. d4 Qf6 10. Be3 Nge7 11. dxe5 dxe5 12. Bxa7 Nxa7 13. c4 g5 14. Nc3 c6 15. Nh2 h5 16. Qf3 Qxf3 17. Nxf3 f6 18. cxb5 Nxb5 19. Rfd1 Ng6 20. Nxb5 cxb5 21. Rd6 Ke7 22. Rad1 g4 23. Ng5 Nf4 24. Nf7 Rf8 25. Rc6 Ra7 26. Kh2 Bd7 27. Rb6 Rxf7 28. Bxf7 Kxf7 29. Rdd6 Ne6 30. hxg4 hxg4 31. Rxa6 Rxa6 32. Rxa6 Ng5 33. b3 Nxe4 34. Kg1 Nc3 35. Kf1 f5 36. Ke1 f4 37. Kd2 Ne4+ 38. Ke2 Ke7 39. a4 Nc5 40. Ra7 bxa4 41. bxa4 Nxa4 42. g3 fxg3 43. fxg3 Ke6 44. Ke3 Bc6 45. Rg7 Bf3 46. Rg8 Nb2 47. Re8+ Kd6 48. Rd8+ Ke6 49. Re8+ Kf6 50. Rf8+ Ke7 51. Rg8 Nd1+ 52. Kd2 e4 53. Ke1 e3 54. Rg7+ Ke6 55. Rg5 Nb2 56. Rg6+ Ke5 57. Rg5+ Ke4 0-1

[Event "Runavik op"]
[Site "Runavik"]
[Date "2017.11.25"]
[Round "8"]
[White "Pinheiro Diamant, Jonatan"]
[Black "Filip, Horatiu Cristian"]
[Result "0-1"]
[WhiteElo "1743"]
[BlackElo "2046"]
[PlyCount "100"]
[EventDate "2017.11.20"]
[EventType "swiss"]
[EventRounds "9"]
[EventCountry "FAI"]
[SourceTitle "CBM 181 Extra"]
[Source "ChessBase"]
[SourceDate "2017.12.12"]
[SourceVersion "1"]
[SourceVersionDate "2017.12.12"]
[SourceQuality "1"]

1. e4 e5 2. Nf3 Nc6 3. Bb5 f5 4. d3 fxe4 5. dxe4 Nf6 6. 0-0 Bc5 7. Bxc6 bxc6 8. Nxe5 0-0 9. Nc3 Qe8 10. Nd3 Bb6 11. Qe1 Ba6 12. h3 d5 13. exd5 Qxe1 14. Rxe1 Bxd3 15. cxd3 Nxd5 16. Be3 Nb4 17. Bxb6 axb6 18. Red1 Rad8 19. Rd2 Rxd3 20. Rad1 Rfd8 21. Rxd3 Rxd3 22. Rxd3 Nxd3 23. b3 Kf7 24. Kf1 Ke6 25. Ke2 Nf4+ 26. Kf3 Ke5 27. Ne2 Nd3 28. Ke3 Nb4 29. Nc3 g5 30. g3 c5 31. f3 c6 32. a4 Nc2+ 33. Kd3 Nd4 34. Kc4 Nxf3 35. a5 bxa5 36. Kxc5 Nd4 37. b4 Ne6+ 38. Kc4 axb4 39. Kxb4 Kd4 40. Nd1 c5+ 41. Kb3 Kd3 42. Nf2+ Ke2 43. Ne4 Kf3 44. Nf6 Kxg3 45. Nxh7 Kxh3 46. Nf6 g4 47. Ne4 g3 48. Kc4 g2 49. Nf2+ Kh4 50. Kd5 g1Q 0-1

[Event "Runavik op"]
[Site "Runavik"]
[Date "2017.11.23"]
[Round "5"]
[White "Pinheiro Diamant, Jonatan"]
[Black "Stefansson, Vignir Vatnar"]
[Result "0-1"]
[WhiteElo "1743"]
[BlackElo "2294"]
[PlyCount "32"]
[EventDate "2017.11.20"]
[EventType "swiss"]
[EventRounds "9"]
[EventCountry "FAI"]
[SourceTitle "CBM 181 Extra"]
[Source "ChessBase"]
[SourceDate "2017.12.12"]
[SourceVersion "1"]
[SourceVersionDate "2017.12.12"]
[SourceQuality "1"]

1. e4 e6 2. d4 d5 3. Bd3 dxe4 4. Bxe4 Nf6 5. Bf3 c5 6. Ne2 Nc6 7. Be3 e5 8. Bxc6+ bxc6 9. dxe5 Qxd1+ 10. Kxd1 Ng4 11. Nbc3 Ba6 12. Ne4 0-0-0+ 13. Ke1 Re8 14. Bxc5 Rxe5 15. Bxf8 Rxe4 16. Bc5 Rxe2+ 0-1

[Event "Sweden-Iceland m U20"]
[Site "Uppsala"]
[Date "2015.10.03"]
[Round "1.7"]
[White "Pinheiro Diamant, Jonatan"]
[Black "Hauksdottir, Hrund"]
[Result "0-1"]
[WhiteElo "1646"]
[BlackElo "1773"]
[PlyCount "81"]
[EventDate "2015.10.03"]
[EventType "match"]
[EventRounds "4"]
[EventCountry "SWE"]
[SourceTitle "CBM 169 Extra"]
[Source "ChessBase"]
[SourceDate "2015.12.18"]
[SourceVersion "1"]
[SourceVersionDate "2015.12.18"]
[SourceQuality "1"]

1. e4 e5 2. Nf3 Nc6 3. Bb5 Nge7 4. 0-0 g6 5. c3 Bg7 6. Re1 0-0 7. d3 d6 8. Nbd2 Kh8 9. Nf1 f5 10. exf5 Nxf5 11. Bg5 Qd7 12. Ne3 Nxe3 13. Bxe3 Qf7 14. Qd2 Bg4 15. Ng5 Qe7 16. h3 Bf5 17. Ne4 Nd8 18. Bh6 c6 19. Bxg7+ Kxg7 20. Ba4 Ne6 21. Ng3 Qh4 22. Nxf5+ Rxf5 23. Bd1 Nf4 24. Re3 Raf8 25. Bg4 Rg5 26. Rg3 h5 27. Bf3 Rxg3 28. fxg3 Qxg3 29. Kh1 Nxh3 30. Rf1 Ng5 31. Qe2 Nxf3 32. Rxf3 Rxf3 33. gxf3 d5 34. d4 e4 35. fxe4 Qh4+ 36. Kg1 Qxe4 37. Qh2 Qb1+ 38. Kg2 Qxb2+ 39. Kg3 Qxh2+ 40. Kxh2 Kf6 41. Kg3 0-1